000 00538nam a2200193 a 4500
003 PILC
005 20150112093440.0
008 100716s19uu xx 00 eng d
020 _a1858051398
050 _aHA 4737
_b.B725 1992
082 _aMSF 519.5
_bB64 1992
100 _aBooth, Dexter J.
_918190
245 _aA first course in statistics /
_cD.J. Booth
250 _a2nd ed.
260 _aAldine Place, London :
_bDP Publications Ltd,
_c1992.
300 _a359 pages :
_c23 cm.
650 _aStatistics
_91628
942 _2lcc
_cBK
999 _c14713
_d14713